Copyright Limitations on Photography

Bibliographic Details
Main Author: Vorontsova, Jana
Format: eBook
Language:English
Published: Londres: Lambert Academic Publishing, 2019
Subjects:
Online Access:Acceso restringido

MARC

LEADER 00000nam a22000007a 4500
005 20190919005847.0
007 cr|||| ||||
008 190919s2019 gb |||||s|||| 00||0 eng d
020 |a 9786139443895 
035 |a 29644 
040 |a vLex 
090 |c 9582  |d 9582 
100 1 |a Vorontsova, Jana 
245 1 0 |a Copyright Limitations on Photography  |h [Recurso electrn̤ico] /  |c Jana Vorontsova 
256 |a Servicio en ln̕ea 
260 |a Londres:  |b Lambert Academic Publishing,  |c 2019 
300 |a 1 recurso electrn̤ico 
500 |a The paper reviews relationship between copyright law and photography as a field of art and intellectual property asset. Photography is a disputable way of making intellectual property asset as long as it often includes interference with people's privacy or depicting objects already covered by copyright protection of their author. The pepper reviews privacy issues related to copyright protection of photography as well. 
506 1 |a Disponible solo en los productos indicados  |d vLex Global  |d vLex Global (Academic Edition, excluding Law Schools)  |d vLex Global (U.S. Academic Edition, Law Schools)  |d vLex Global (U.S. Academic Edition, excluding Law Schools)  |d vLex Global (Academic Edition, Law Schools) 
650 0 4 |a Derecho Pb︢lico y Administrativo  |z Reino Unido 
740 0 |a vLex Libros (Servicio en ln̕ea) 
856 4 0 |u http://vlex.com/source/29644  |z Acceso restringido 
942 |c BOOK 
999 0 |a Public and Administrative Law